000 00260nam a22001217a 4500
008 170227b xxu||||| |||| 00| 0 eng d
041 _aeng
080 _26 ED
_a617
100 _a5
101 _aSHK
245 _aVETERINARY SURGERY
_cFRANK.E.R
942 _2udc
_cBK
999 _c6267
_d6267